zpět

Detail výsledku týmu

Burger & Beer Brothers, Olomouc

Datum a čas kvízu

17.5 Celkem bodů Celkový počet nahraných bodů na tomto kvízu bez doplňovacích otázek.
5. Pořadí na kvízu Konečné umístění týmu na tomto kvízu.

Zaznamenané odpovědi

# Otázka Odpověď Body Výsledky
1. Mimořádně cenné záběry z jisté... 0
2. Dánsko chce na hranicích s Něm... 0
3. Kdo poslouchal dne 21. března... 0
4. Majitelé účtů v České spořitel... 0
5. Světový pohár v Ťumeni, kteréh... 1
6. Budeme se zabývat slovy, která... 0
7. Bezpečnostní informační služba... 1
8. Který známý japonský spisovate... 0
9. Logo které mezinárodní organiz... 0
10. Na fotce je zobrazen hrad, kte... 1